Asset management in the UK 2013-2014 (Record no. 115247)

MARC details
000 -LEADER
fixed length control field 01197cam a22002655a 4500
001 - CONTROL NUMBER
control field L158289
008 - FIXED-LENGTH DATA ELEMENTS--GENERAL INFORMATION
fixed length control field 141124s2014 xxk f 000 0 eng d
035 ## - SYSTEM CONTROL NUMBER
System control number (Sirsi) u158289
041 0# - LANGUAGE CODE
Language code of text/sound track or separate title eng
100 1# - MAIN ENTRY--PERSONAL NAME
Personal name Lipkin, Jonathan
110 2# - MAIN ENTRY--CORPORATE NAME
Corporate name or jurisdiction name as entry element International Management Associiation
245 00 - TITLE STATEMENT
Title Asset management in the UK 2013-2014
Remainder of title The IMA Annual Survey
Medium [electronic resource]
260 ## - PUBLICATION, DISTRIBUTION, ETC.
Place of publication, distribution, etc. London
Name of publisher, distributor, etc. International Management Association
Date of publication, distribution, etc. 2014
520 ## - SUMMARY, ETC.
Summary, etc. The annual survey captures asset management activity in the UK undertaken on behalf of domestic and overseas clients. Provides a general industry overview and and insight into broader trends as well as an indepth analysis of the UK institutional client market and UK fund market. Concludes with a look at structural and organisational issues.
590 ## - LOCAL NOTE (RLIN)
Local note KA
650 24 - SUBJECT ADDED ENTRY--TOPICAL TERM
Topical term or geographic name entry element ASSET MANAGEMENT
651 #4 - SUBJECT ADDED ENTRY--GEOGRAPHIC NAME
Geographic name United Kingdom
690 ## - LOCAL SUBJECT ADDED ENTRY--TOPICAL TERM (OCLC, RLIN)
Topical term or geographic name as entry element Investments
9 (RLIN) 6250
700 1# - ADDED ENTRY--PERSONAL NAME
Personal name Taylor, Graham
700 1# - ADDED ENTRY--PERSONAL NAME
Personal name Garcha, Pritpal
700 1# - ADDED ENTRY--PERSONAL NAME
Personal name Metcalfe, Richard
700 1# - ADDED ENTRY--PERSONAL NAME
Personal name Meade, Ruth
856 40 - ELECTRONIC LOCATION AND ACCESS
Uniform Resource Identifier <a href="https://www.investmentuk.org/research/ima-annual-industry-survey/">https://www.investmentuk.org/research/ima-annual-industry-survey/</a>
Public note View the item free of charge from www.investmentuk.org
942 ## - ADDED ENTRY ELEMENTS (KOHA)
Suppress in OPAC 0
Source of classification or shelving scheme Dewey Decimal Classification
Holdings
Withdrawn status Lost status Source of classification or shelving scheme Damaged status Not for loan Home library Current library Shelving location Date acquired Total Checkouts Full call number Barcode Date last seen Copy number Price effective from Koha item type
    Dewey Decimal Classification     Virtual Virtual Online 24/11/2014   ONLINE PUBLICATION 158289-2001 06/08/2019 1 06/08/2019 Book